Sustaining the pulses revolution in India: (Record no. 290626)
[ view plain ]
| 000 -LEADER | |
|---|---|
| fixed length control field | 00532nam a22001697a 4500 |
| 003 - CONTROL NUMBER IDENTIFIER | |
| control field | OSt |
| 082 ## - DEWEY DECIMAL CLASSIFICATION NUMBER | |
| Classification number | NAAS/SU PP-116 |
| 245 ## - TITLE STATEMENT | |
| Title | Sustaining the pulses revolution in India: |
| Remainder of title | technological policy measures policy paper 115 |
| 260 ## - PUBLICATION, DISTRIBUTION, ETC. (IMPRINT) | |
| Place of publication, distribution, etc | National Academy of Agricultural Sciences |
| Name of publisher, distributor, etc | New Delhi |
| Date of publication, distribution, etc | 2022 |
| 300 ## - PHYSICAL DESCRIPTION | |
| Extent | 24p. |
| 546 ## - LANGUAGE | |
| Language note | English |
| 650 ## - SUBJECT ADDED ENTRY--TOPICAL TERM | |
| Topical term or geographic name as entry element | Pulse consumption and utilization |
| 650 ## - SUBJECT ADDED ENTRY--TOPICAL TERM | |
| Topical term or geographic name as entry element | Pulse sector |
| 650 ## - SUBJECT ADDED ENTRY--TOPICAL TERM | |
| Topical term or geographic name as entry element | Sources of recent growth in pulse production |
| 650 ## - SUBJECT ADDED ENTRY--TOPICAL TERM | |
| Topical term or geographic name as entry element | Pulse production |
| 942 ## - ADDED ENTRY ELEMENTS (KOHA) | |
| Source of classification or shelving scheme | Dewey Decimal Classification |
| Koha item type | Report |
| Lost status | Source of classification or shelving scheme | Damaged status | Not for loan | Collection code | Home library | Current library | Shelving location | Date acquired | Total Checkouts | Full call number | Barcode | Date last seen | Koha item type |
|---|---|---|---|---|---|---|---|---|---|---|---|---|---|
| Dewey Decimal Classification | Not For Loan | Reports | KAU Central Library, Thrissur | KAU Central Library, Thrissur | General | 25/09/2023 | NAAS/SU PP-116 | 812252 | 25/09/2023 | Report |
